Marketing trong cuộc cách mạng công nghệ 4.0 = 21st century marketing /

محفوظ في:
التفاصيل البيبلوغرافية
المؤلف الرئيسي: Kotler, Philip.
مؤلفون آخرون: Hoài Linh (dịch.)
التنسيق: Sách giấy
اللغة:Vietnamese
English
منشور في: H. : Thế giới, 2019.
الموضوعات:
الوسوم: إضافة وسم
لا توجد وسوم, كن أول من يضع وسما على هذه التسجيلة!
Thư viện lưu trữ: Thư viện Trường Đại học Đà Lạt
LEADER 00970nam a2200325 4500
001 DLU190193213
005 ##20191104
020 # # |a 9786047757077 
040 # # |a DLU  |b vie 
041 # # |a vie  |h eng 
044 # # |a vn 
082 # # |a 658.8  |b KO-P 
100 # # |a Kotler, Philip. 
245 # # |a Marketing trong cuộc cách mạng công nghệ 4.0 =  |b 21st century marketing /  |c Philip Kotler; Hoài Linh dịch. 
260 # # |a H. :  |b Thế giới,  |c 2019. 
300 # # |a 230 tr. ;  |c 20 cm. 
505 # # |a Số hóa và tiếp thị truyền thông mạng xã hội -- Thay đổi thông qua đổi mới -- Trách nhiệm xã hội của doanh nghiệp và tiếp thị 4.0. 
650 # # |a Marketing. 
700 # # |a Hoài Linh,  |e dịch. 
923 # # |a 07/2019 
991 # # |a SH 
992 # # |a 110000 
994 # # |a DLU 
900 # # |a True 
911 # # |a Nguyễn Thanh Hương 
925 # # |a G 
926 # # |a A 
927 # # |a SH 
980 # # |a Thư viện Trường Đại học Đà Lạt